000 02692nam a2201165 c 4500
003 PE-LiUPU
005 20250813185709.0
008 171121s2017 sp | |||| 001 0 spa
020 _a9788494174964
040 _aPE-LiUPU
_bspa
_cPE-LiUPU
_erda
041 1 _aspa
_heng
080 _a338.1/.2(510)
082 _223
_a330.951
_bO83c
100 1 _aOsnos, Evan
_d1976-
_0XX5749073
_eautor.
240 1 0 _aAge of ambition
_lEspañol
245 1 0 _aChina :
_bLa edad de la ambición /
_cEvan Osnos ; traducción, Luis Murillo Fort.
264 _aBarcelona :
_bEl Hombre del Tres;
_c2017.
300 _a523 páginas :
_c22 centímetros.
500 _aÍndice onomástico.
505 _aPrimera parte: Riqueza -- Segunda parte: La verdad -- Tercera parte: La fe.
526 _aP202
526 _aP201
526 _aP163
526 _aP162
526 _aP161
526 _aP160
526 _aP148
526 _aP147
526 _aP146
526 _aP145
526 _aP144
526 _aP143
526 _aP142
526 _aP141
526 _aP140
526 _aP139
526 _aP138
526 _aP137
526 _aP136
526 _aP135
526 _aP134
526 _aP133
526 _aP129
526 _aP128
526 _aP127
526 _aP120
526 _aP119
526 _aP118
526 _aP116
526 _aP115
526 _aP114
526 _aP110
526 _aP109
526 _aP108
526 _aP104
526 _aP103
526 _aP102
526 _aP99
526 _aP98
526 _aP97
526 _aP96
526 _aP95
526 _aP93
526 _aP90
526 _aP89
526 _aP88
526 _aP83
526 _aP82
526 _aP62
526 _aP59
526 _aP58
526 _aP57
526 _aP51
526 _aP49
526 _aP48
526 _aP47
526 _aP29
526 _aP24
526 _aP20
526 _aP19
526 _aP17
526 _aP15
526 _aP14
526 _aP12
526 _aP10
526 _aP09
526 _aP08
526 _aP07
526 _aP06
526 _aP05
526 _aP04
526 _aP01
530 _aDisponible en línea con clave de acceso incluida en la publicación
651 1 7 _aChina
_xCondiciones económicas
_2embne
_ySiglo XXI.
651 2 7 _aChina
_xPolítica económica
_2embne
_ySiglo XXI.
651 2 7 _aChina
_xCondiciones sociales
_ySiglo XXI.
_94123
700 1 _aMurillo Fort, Luis
_d1951-
_etraductor
942 _2ddc
_cBK
_n0
980 _618228
_aChristian Lazo Analista Documental
_81
_gALBERTO SANCHEZ Responsable de Automatización
999 _c62458
_d62457